Ballon d'Or by year - Sudden Death - Statistics

General Stats
  • This quiz has been taken 7 times
  • The average score is 5 of 16
Answers on the Grid
Answers color-coded by a green-red scale on the quiz's grid according to % correct below.
Rodri - 2024
Karim Benzema - 2022
Luka Modrić - 2018
Lionel Messi - 2009
Kaká - 2007
Michael Owen - 2001
George Weah - 1995
Roberto Baggio - 1993
Lothar Matthäus - 1990
Ruud Gullit - 1987
Michel Platini - 1984
Paolo Rossi - 1982
Kevin Keegan - 1978
Johan Cruyff - 1971
Eusébio - 1965
Lev Yachine - 1963
Kylian Mbappé - 2021
Cristiano Ronaldo - 2019
Neymar Jr - 2015
Andrés Iniesta - 2010
Thierry Henry - 2006
Deco - 2004
Raúl - 2002
Zinédine Zidane - 2000
David Beckham - 1999
Romário - 1994
Diego Maradona - 1986
Pelé - 1958
 
Answer Stats
Answer % Correct
Lionel Messi - 2009
67%
Rodri - 2024
67%
George Weah - 1995
50%
Kaká - 2007
50%
Luka Modrić - 2018
50%
Michael Owen - 2001
50%
Karim Benzema - 2022
33%
Lev Yachine - 1963
33%
Lothar Matthäus - 1990
33%
Roberto Baggio - 1993
33%
Johan Cruyff - 1971
17%
Kevin Keegan - 1978
17%
Michel Platini - 1984
17%
Paolo Rossi - 1982
17%
Eusébio - 1965
0%
Ruud Gullit - 1987
0%
No matching quizzes found
Score Distribution
Percent of People with Each Score
Percentile by Number Answered
Your Score History
You have not taken this quiz